000 00378nam a22001337a 4500
020 _a9789024737079
040 _cNust
082 _a620.1126
_bBRO
100 _aBroek, David
_940801
245 _aThe Practical Use of Fracture Mechanics
260 _aBoston:
_bKluwer Academic Publishers,
_c1989.
650 _aThe Practical Use of Fracture Mechanics
_9123710
942 _2ddc
_cBK
999 _c609806
_d609806